Laws on marriage, divorce and maintenance in India : amongst Hindus, Muslims, Sikhs, Parsis and Christians (Record no. 300641)

MARC details
000 -LEADER
fixed length control field 00471nam a22001457a 4500
005 - DATE AND TIME OF LATEST TRANSACTION
control field 20250717112035.0
008 - FIXED-LENGTH DATA ELEMENTS--GENERAL INFORMATION
fixed length control field 250717b |||||||| |||| 00| 0 eng d
020 ## - INTERNATIONAL STANDARD BOOK NUMBER
International Standard Book Number 9789395939607
082 ## - DEWEY DECIMAL CLASSIFICATION NUMBER
Classification number 346.0166
100 ## - MAIN ENTRY--PERSONAL NAME
Personal name Bhagat, Y P. Kumar Keshav. Singh, Ranjeeta.
245 ## - TITLE STATEMENT
Title Laws on marriage, divorce and maintenance in India : amongst Hindus, Muslims, Sikhs, Parsis and Christians
260 ## - PUBLICATION, DISTRIBUTION, ETC. (IMPRINT)
Place of publication, distribution, etc. Delhi
Name of publisher, distributor, etc. Vinod Publications
Date of publication, distribution, etc. 2024
300 ## - PHYSICAL DESCRIPTION
Extent cxvi, 929
942 ## - ADDED ENTRY ELEMENTS (KOHA)
Koha item type Law Books
Holdings
Date last seen Total Checkouts Full call number Accession number Copy number Cost, replacement price Price effective from Category Lost status Source of classification or shelving scheme Damaged status Department Withdrawn status bill no. bill date Permanent Location Current Location Shelving location Entry date Vendor Cost, normal purchase price Grants Currency symbol Conversion rate Discount Discount type
17/07/2025   346.0166 BHA;1 R LL4518 1 2052.00 17/07/2025 Law Books   Dewey Decimal Classification   LAW   272 01/04/2025 Law Library Law Library Law Library 20/06/2025 MPP House 2700.00 Law RS 1 24 %

© For any Suggestions or Query, please contact the library staff @ librarian@pes.edu or Phone: +9180 2672 1983/ 2108.